=LDR 00000nam 2200000 4500 =001 INLIS000000000063511 =005 20240613101918 =035 ##$$a 0010-0424000086 =007 ta =008 240426################g##########0#ind## =100 #$$a Triya Elmor =245 ##$$a Langit jingga di Acapulco : $b cinta yang tertitip pada bulan /$c Triya Elmor; editor, Widodo Putri =250 ##$$a Cetakan Pertama, Agustus 2015 =300 ##$$a 300 halaman ; $c 19 cm =020 ##$$a 978-602-255-953-5 =041 ##$$a ind =082 ##$$a 899.221 3 =084 ##$$a 899.221 3 TRI l =264 ##$$a Yogyakarta :$b de Teens,$c 2015 =336 ##$$a teks$2 rdacontent =337 ##$$a tanpa perantara$2 rdamedia =338 ##$$a volume$2 rdacarrier =650 #4$$a Fiksi Indonesia =700 #$$a Widodo Putri (editor) =990 ##$$a 3202400966 =990 ##$$a 3202400966